[Сб.] 24 : Расчет и проектирование измерительных преобразователей; Электротехника и автоматика

Bibliographische Detailangaben
Parent link:Электротехника и автоматика: [сборник статей]/ Таллинский политехнический институт (ТПИ). [Сб.] 24 : Расчет и проектирование измерительных преобразователей.— , 1963-1990
Sprache:Russisch
Veröffentlicht: 1983
Schriftenreihe:Труды Таллинского политехнического института № 558
Schlagworte:
Format: Buch
KOHA link:https://koha.lib.tpu.ru/cgi-bin/koha/opac-detail.pl?biblionumber=290140

MARC

LEADER 00000nam2a2200000 4500
001 290140
005 20231102000245.0
035 |a (RuTPU)RU\TPU\book\314670 
035 |a RU\TPU\book\306921 
090 |a 290140 
100 |a 20150403d1983 k y0rusy50 ca 
101 0 |a rus 
102 |a EE 
105 |a a z 001zy 
200 0 |a [Сб.] 24 : Расчет и проектирование измерительных преобразователей 
210 |d 1983 
215 |a 83 с.  |c ил. 
225 1 |a Труды Таллинского политехнического института  |v № 558 
320 |a Библиогр. в конце ст. 
461 1 |0 (RuTPU)RU\TPU\book\110504  |t Электротехника и автоматика  |o [сборник статей]  |f Таллинский политехнический институт (ТПИ)  |v [Сб.] 24 : Расчет и проектирование измерительных преобразователей  |d 1963-1990  |s Труды Таллинского политехнического института 
606 1 |a Электротехника общая  |2 stltpush  |3 (RuTPU)RU\TPU\subj\20906  |9 45967 
606 1 |a Автоматика  |2 stltpush  |3 (RuTPU)RU\TPU\subj\749  |9 29560 
606 1 |a Преобразователи измерительные  |2 stltpush  |3 (RuTPU)RU\TPU\subj\51186  |9 69789 
610 1 |a расчеты 
610 1 |a проектирование 
675 |a 621.3  |v 4 
675 |a 681.51  |v 4 
675 |a 621.317.7.087.92  |v 4 
801 1 |a RU  |b 63413507  |c 20110901 
801 2 |a RU  |b 63413507  |c 20171012  |g RCR 
942 |c BK